Sports Quiz

Random Sports or College Quiz

Name the Linebacker's College 1935-1984 Quiz Stats

 Plays Quiz not verified by Sporcle

Score 0/102 Timer 20:00
0 Plays Today
Hint Answer % Correct
Lawrence TaylorUNC
93.5%
Dick ButkusIllinois
90.3%
Matt MillenPenn State
90.3%
Mike SingletaryBaylor
87.1%
Jack HamPenn State
83.9%
Clay Matthews Jr.USC
83.9%
Hugh GreenPittsburgh
83.9%
Tom CousineauOhio State
77.4%
Ted HendricksMiami FL
74.2%
Carl BanksMichigan State
74.2%
Tommy NobisTexas
71%
Randy GradisharOhio State
71%
Billy Ray Smith Jr.Arkansas
71%
Tom JacksonLouisville
61.3%
Jack LambertKent State
61.3%
Jerry RobinsonUCLA
61.3%
E.J. JuniorAlabama
61.3%
Wilber MarshallFlorida
61.3%
Lee Roy JordanAlabama
58.1%
George WebsterMichigan State
58.1%
Andre TippettIowa
58.1%
Chip BanksUSC
58.1%
Nick BuonicontiNotre Dame
54.8%
Ricky HunleyArizona
54.8%
Greg ButtlePenn State
51.6%
Lance MehlPenn State
51.6%
Riki EllisonUSC
48.4%
Walker Lee AshleyPenn State
48.4%
Sam HuffWest Virginia
45.2%
Ray NitschkeIllinois
45.2%
Tom RuudNebraska
45.2%
Karl MecklenburgMinnesota
45.2%
John BuntingUNC
41.9%
Bob CrableNotre Dame
41.9%
Hint Answer % Correct
Jimmy WilliamsNebraska
41.9%
E.J. HolubTexas Tech
38.7%
Bill CurryGeorgia Tech
38.7%
Robert BrazileJackson State
38.7%
Bob BrudzinskiOhio State
38.7%
David LittleFlorida
38.7%
Mike CoferTennessee
38.7%
Darryl TalleyWest Virginia
38.7%
Kyle CliftonTCU
38.7%
Jack PardeeTexas A&M
35.5%
Wahoo McDanielOklahoma
35.5%
Chris HanburgerUNC
35.5%
George AndrewsNebraska
35.5%
George CumbyOklahoma
35.5%
Otis WilsonLouisville
35.5%
Rickey JacksonPittsburgh
35.5%
Mel Owens Michigan
35.5%
Mike MerriweatherPacific
35.5%
Eugene MarveSaginaw Valley State
35.5%
Ron RiveraCalifornia
35.5%
Joe SchmidtPittsburgh
32.3%
Wayne MeylanNebraska
32.3%
Monte JohnsonNebraska
32.3%
Willie HarperNebraska
32.3%
Maury DamkrogerNebraska
32.3%
Bob NelsonNebraska
32.3%
Lee KunzNebraska
32.3%
Buddy CurryUNC
32.3%
Derrie NelsonNebraska
32.3%
Chuck NollDayton
29%
Willie LanierMorgan State
29%
Phil VillapianoBowling Green State
29%
Jeff SiemonStanford
29%
Thomas HendersonLangston
29%
Hint Answer % Correct
Scott StudwellIllinois
29%
George JamisonCincinnati
29%
Eugene LockhartHouston
29%
Chuck HowleyWest Virginia
25.8%
Bobby BellMinnesota
25.8%
Andy RussellMissouri
25.8%
Dave RobinsonPenn State
25.8%
Mike CurtisDuke
25.8%
Doug BuffoneLouisville
25.8%
D.D. LewisMississippi State
25.8%
Tim RossovichUSC
25.8%
Jack ReynoldsTennessee
25.8%
Isiah RobertsonSouthern
25.8%
Jim YoungbloodTennessee Tech
25.8%
Harry CarsonSouth Carolina State
25.8%
Monte ColemanCentral Arkansas
25.8%
Jim HaslettIndiana (PA)
25.8%
Al HarrisArizona State
25.8%
Jack SquirekIllinois
25.8%
Mike WilcherUNC
25.8%
Vaughan JohnsonNorth Carolina State
25.8%
John GrimsleyKentucky
25.8%
Gary ReasonsNorthwestern State
25.8%
Hardy BrownTulsa
22.6%
Marty SchottenheimerPittsburgh
22.6%
Fred CarrUTEP
22.6%
Bill BergeyArkansas State
22.6%
Frank LeMasterKentucky
22.6%
Fulton KuykendallUCLA
22.6%
Dan BunzLong Beach State
22.6%
Rich WingoAlabama
22.6%
Johnny RembertClemson
22.6%
Mike JohnsonVirginia Tech
22.6%
Mike DouglassSan Diego State
19.4%

You're not logged in!

Compare scores with friends on all Sporcle quizzes.
OR
Log In

Sporcle TV

Today on Sporcle TV


Watch our educational content, quiz creation guides, and fun videos on Sporcle TV.

Show Comments

Extras

Created Jan 4, 2015ReportNominate
Tags:College Quiz, linebacker

Top Quizzes Today


Score Distribution

Your Account Isn't Verified!

In order to create a playlist on Sporcle, you need to verify the email address you used during registration. Go to your Sporcle Settings to finish the process.

Report this User

Report this user for behavior that violates our Community Guidelines.

Details: